[Event "First Saturday IM May 2014"]
[Site "Budapest"]
[Date "2014.05.13"]
[Round "11.1"]
[White "Atabayev, Saparmyrat"]
[Black "Chakravarthi, Y.V.K."]
[Result "1/2-1/2"]
[WhiteElo "2273"]
[BlackElo "2147"]
[PlyCount "144"]
[EventDate "2014.05.03"]

1. e4 e6 2. d4 d5 3. Nd2 dxe4 4. Nxe4 Bd7 5. Nf3 Bc6 6. Bd3 Nd7 7. O-O Ngf6 8.
Ng3 Be7 9. Re1 O-O 10. c3 Re8 11. Bc2 b6 12. Qd3 Bb7 13. Ng5 Nf8 14. Ba4 N6d7
15. N5e4 c6 16. f4 f5 17. Nf2 g6 18. Qe2 a5 19. Nd3 Bf6 20. Be3 b5 21. Bd1 Nb6
22. Nc5 Bc8 23. a4 b4 24. Bb3 Nd5 25. Bd2 Ra7 26. Qf3 Rae7 27. Kh1 Qb6 28. Rab1
Nd7 29. Nd3 Bb7 30. c4 Nc7 31. c5 Qa7 32. Ne5 Nxe5 33. fxe5 Bg7 34. Ne2 Rd7 35.
Be3 Nd5 36. Bf2 Ba6 37. Bxd5 cxd5 38. Nf4 Rc7 39. Bh4 Rc6 40. Bg5 h6 41. Bf6
Bxf6 42. exf6 Qf7 43. Re5 g5 44. Nd3 Qxf6 45. Rbe1 Rf8 46. Nc1 Bc8 47. Nb3 Qd8
48. Qd3 Ba6 49. Qf3 Bc8 50. Nd2 Rf6 51. Qg3 Ba6 52. Nf3 Kg7 53. Rd1 Qc7 54.
Rde1 Qd8 55. Rc1 Qc7 56. Qf2 Bd3 57. Ree1 Qf4 58. Kg1 Ba6 59. Ne5 Qxf2+ 60.
Kxf2 Bb7 61. Nxc6 Bxc6 62. h4 g4 63. Kg3 Kf7 64. Kf4 Ke7 65. Rf1 Rg6 66. Rce1
Rf6 67. Kg3 Rf7 68. Kf4 Rf6 69. Re3 Rf7 70. h5 Rf8 71. Rfe1 Rf6 72. R3e2 Kd7
1/2-1/2

[Event "First Saturday IM May 2014"]
[Site "Budapest"]
[Date "2014.05.13"]
[Round "11.2"]
[White "Mathe, Gaspar"]
[Black "Szeberenyi, Adam"]
[Result "1/2-1/2"]
[WhiteElo "2352"]
[BlackElo "2332"]
[PlyCount "46"]
[EventDate "2014.05.03"]

1. e4 e5 2. Nf3 Nf6 3. Nxe5 d6 4. Nf3 Nxe4 5. Qe2 Qe7 6. d3 Nf6 7. Bg5 Qxe2+ 8.
Bxe2 Be7 9. Nc3 c6 10. O-O-O Na6 11. Rhe1 Nc7 12. Ne4 Nxe4 13. dxe4 Bxg5+ 14.
Nxg5 Ke7 15. Bc4 Ne6 16. Nxe6 Bxe6 17. Bxe6 Kxe6 18. Rd3 Rad8 19. Kd2 Rd7 20.
f4 Rhd8 21. Ke3 d5 22. exd5+ Rxd5 23. Rxd5 Rxd5 1/2-1/2

[Event "First Saturday IM May 2014"]
[Site "Budapest"]
[Date "2014.05.13"]
[Round "11.3"]
[White "Keschitz, Gyorgy"]
[Black "Fang, Yuxiang"]
[Result "1/2-1/2"]
[WhiteElo "2280"]
[BlackElo "2348"]
[PlyCount "113"]
[EventDate "2014.05.03"]

1. Nf3 d5 2. g3 Nf6 3. Bg2 c6 4. O-O Bg4 5. b3 e6 6. Bb2 Nbd7 7. d3 Bd6 8. Nbd2
O-O 9. Qe1 Qe7 10. a3 e5 11. e4 Rfe8 12. h3 Bh5 13. Nh4 Bg6 14. Qe2 a5 15. Rfe1
Nc5 16. Nxg6 hxg6 17. exd5 cxd5 18. d4 exd4 19. Qxe7 Bxe7 20. Bxd4 Ne6 21. Bb2
Rac8 22. c4 dxc4 23. Nxc4 a4 24. Bxb7 Rc7 25. Na5 axb3 26. Rac1 Rxc1 27. Rxc1
Nc5 28. Bc6 Rd8 29. Rb1 Rc8 30. Bf3 Nd3 31. Nc6 Bd6 32. Bxf6 gxf6 33. Rxb3 Ne5
34. Nxe5 fxe5 35. Bd5 Rc5 36. Rd3 Bc7 37. Bb3 Kf8 38. Rd7 f5 39. Rf7+ Ke8 40.
Rg7 Rc3 41. Be6 f4 42. gxf4 exf4 43. Bg4 f3 44. Bxf3 Rxf3 45. Rxc7 Rxa3 46. Kg2
Kf8 47. f3 Rb3 48. Kg3 Rb4 49. h4 Ra4 50. f4 Ra3+ 51. Kg4 Ra5 52. Rh7 Rb5 53.
Kf3 Ra5 54. Ke4 Kg8 55. Rd7 Rh5 56. Rc7 Kf8 57. Rb7 1/2-1/2

[Event "First Saturday IM May 2014"]
[Site "Budapest"]
[Date "2014.05.13"]
[Round "11.4"]
[White "Nguyen, Thi Mai Hung"]
[Black "Annageldyev, Orazly"]
[Result "1-0"]
[WhiteElo "2316"]
[BlackElo "2374"]
[PlyCount "81"]
[EventDate "2014.05.03"]

1. d4 Nf6 2. Nf3 c5 3. d5 g6 4. Nc3 Bg7 5. e4 d6 6. Bb5+ Nfd7 7. a4 O-O 8. O-O
Na6 9. Re1 Nc7 10. Bf1 Ne5 11. Nxe5 Bxe5 12. f4 Bd4+ 13. Be3 e5 14. dxe6 Bxe3+
15. Rxe3 fxe6 16. Rd3 Qf6 17. Rxd6 Qxf4 18. Qd2 Qxd2 19. Rxd2 b6 20. Rad1 a6
21. Rd6 Rb8 22. Rc6 Rb7 23. a5 bxa5 24. Rxc5 Kf7 25. e5 Ke7 26. Ne4 Nd5 27.
Bxa6 Rc7 28. Rdxd5 Rxc5 29. Rxc5 Bxa6 30. Nf6 Rb8 31. Rxa5 Rb6 32. Nxh7 Kd7 33.
Nf8+ Ke8 34. Nh7 Be2 35. b3 Rc6 36. Nf6+ Kd8 37. c4 Bd1 38. Rb5 Ra6 39. Ne4 Ra1
40. Kf2 Ra2+ 41. Kg3 1-0

[Event "First Saturday IM May 2014"]
[Site "Budapest"]
[Date "2014.05.13"]
[Round "11.6"]
[White "Szalanczy, Emil"]
[Black "Farkas, Richard"]
[Result "1/2-1/2"]
[WhiteElo "2266"]
[BlackElo "2260"]
[PlyCount "99"]
[EventDate "2014.05.03"]

1. e4 c5 2. Nf3 g6 3. d4 cxd4 4. Nxd4 Bg7 5. Nc3 Nc6 6. Be3 Nf6 7. Bc4 O-O 8.
Bb3 a5 9. a4 Ng4 10. Qxg4 Nxd4 11. Qh4 Nxb3 12. cxb3 Bf6 13. Bg5 Bxg5 14. Qxg5
d6 15. h4 Be6 16. h5 f6 17. Qe3 g5 18. Nd5 Rc8 19. O-O Rc5 20. Rac1 b6 21. Rc3
Kh8 22. Qd4 Bf7 23. h6 e5 24. Qd2 Bxd5 25. exd5 Qc7 26. Rfc1 Rc8 27. Qd3 Qd7
28. Qa6 Qd8 29. f3 Kg8 30. Kf2 f5 31. g4 fxg4 32. fxg4 Qd7 33. Kg3 Rf8 34. Rf1
Rf4 35. Rxf4 gxf4+ 36. Kf3 Qc7 37. Rc4 Rxc4 38. bxc4 Kf7 39. Qb5 Qd8 40. Qc6
Kg6 41. Qb7 Qf6 42. Qxb6 Kg5 43. Qxa5 Qe7 44. Qe1 Qd7 45. Qe4 Qxg4+ 46. Kf2
Qg3+ 47. Ke2 Qh2+ 48. Kf1 Qh3+ 49. Ke2 Qh2+ 50. Kf1 1/2-1/2